02015nam a2200385   4500003000900000005001700009008004100026017001100067020001500078040004600093041000800139082002700147092000700174099004200181100004600223245016100269250003000430264006600460300003000526336002200556337002400578338003300602504006300635546010200698650013600800650001900936651001000955856005700965905001301022942001901035999001701054952018601071952018601257952018601443EG-GICUC20260121101238.0251118s1983    ua	||||fr|||| 00| 0 ara d  a831626  a9770400491  a EG-GICUCbarac EG-GICUCd EG-GICUCerda0 aara04221a341.52bن ب . ت04221  aLaw1 11	341.52 ن ب . ت 1 ed - 19830 aنبيل أحمد حلميeمؤلف.12aالتوفيق كوسيلة سلمية لحل المنازعات الدولية في القانون الدولي العام /cنبيل أحمد حلمي.  aالطبعة الاولى 1aالقاهرة :bدار النهضة العربية،c1983.  a133 ؛ صفحةc24 سم.  2rda contentatext  2rda mediaaComputer  2rda carrieraOnline Resource  aيحتوي على اراجاعات ببليوجرافية
  aالنص أغلبه باللغة العربية مع بعض النصوص الإنجليزية1 aالوسائل غير القضائية -- تسوية المنازعات الدوليةxالقانون الدولي العام.1 aالتوفيق1 2qrmak40uhttps://fll.law.cu.edu.eg/fulltext/bks/B11-06111.pdf  a75eYara  2ddcn0cBKe21  c44166d44166  00102ddc40718القانون الدولي العامaCUbLAW1d2025-11-18l0oLaw1 11	341.52 ن ب . ت 1 ed - 1983 1106111	C1pB11-06111r2025-11-18 14:31:22t1w2025-11-18yBK  00102ddc40708القانون الدولي العامaCUbLAW1d2025-11-18l0oLaw1 11	341.52 ن ب . ت 1 ed - 1983 1106112	C2pB11-06112r2025-11-18 14:31:00t2w2025-11-18yBK  00102ddc40718القانون الدولي العامaCUbLAW2d2025-11-18l0oLaw2 11	341.52 ن ب . ت 1 ed - 1983 1106113	C3pB11-06113r2025-11-18 14:32:04t3w2025-11-18yBK